000 00578nam a22001817a 4500
005 20251108171047.0
008 250721s1996 xx 000 0 ara d
082 1 4 _a347.92/أحم
100 1 _aخليل، أحمد
245 1 0 _aالحق في الإخلاء الجبري و نظامه الإجرائي /
264 1 _aالإسكندريه :
_bدار الجامعة الجديدة للنشر،
_c1996.
300 _a194ص
650 1 7 _aقانون المرافعات
650 1 7 _aالإخلاء
650 1 7 _aعقود الإيجار
942 _2ddc
_cBK
999 _c55593
_d55593